[Event "Botvinnik 100th Open"]
[Site "St Petersburg RUS"]
[Date "2011.08.17"]
[Round "6"]
[White "Predke, Alexandr"]
[Black "Bazeev, German"]
[Result "1-0"]
[WhiteElo "2450"]
[BlackElo "2312"]
[WhiteFideId "24107581"]
[BlackFideId "24119350"]
[EventDate "2011.08.12"]

1. Nf3 Nf6 2. g3 d5 3. Bg2 c6 4. O-O Bg4 5. d3 Nbd7 6. Nbd2 e5 7. e4 Bd6 8. Qe1
O-O 9. a4 Qa5 10. h3 Bh5 11. Nh4 Rfe8 12. exd5 cxd5 13. Ne4 Bb4 14. Nxf6+ Nxf6
15. c3 Bf8 16. Bg5 Rad8 17. Bxf6 gxf6 18. Qd2 d4 19. Be4 Bg6 20. Qc2 dxc3 21.
bxc3 Rc8 22. c4 Qc7 23. Qe2 Qd7 24. Kh2 f5 25. Bd5 Bc5 26. a5 Rc7 27. Rab1 Re7
28. Ng2 Qd6 29. h4 h5 30. Rb3 Kg7 31. Bf3 Kh6 32. Ne3 Bxe3 33. Qxe3+ f4 34. Qxa7
Re6 35. Qb8 Kg7 36. Bd5 Rf6 37. Rb6 Rc6 38. Qxd6 Rcxd6 39. Rxd6 Rxd6 40. gxf4
Bxd3 41. fxe5 Ra6 42. Rg1+ Kf8 43. Rg3 1-0

[Event "Botvinnik 100th Open"]
[Site "St Petersburg RUS"]
[Date "2011.08.17"]
[Round "6"]
[White "Kobzar, Alexandr"]
[Black "Biriukov, Oleg V."]
[Result "0-1"]
[BlackTitle "IM"]
[WhiteElo "2184"]
[BlackElo "2339"]
[WhiteFideId "14113660"]
[BlackFideId "4123174"]
[EventDate "2011.08.12"]

1. e4 c5 2. Nc3 Nc6 3. f4 g6 4. Nf3 Bg7 5. Bc4 e6 6. O-O Nge7 7. d3 d5 8. Bb3
O-O 9. Qe1 Na5 10. Nd1 c4 11. exd5 cxb3 12. axb3 b6 13. b4 Nb7 14. dxe6 Bxe6 15.
Bd2 Nf5 16. Ne5 Nd4 17. Rc1 Rc8 18. Bc3 Nb5 19. Bd2 Re8 20. Qg3 Nd4 0-1

[Event "Botvinnik 100th Open"]
[Site "St Petersburg RUS"]
[Date "2011.08.17"]
[Round "6"]
[White "Sanzhaev, Darsen"]
[Black "Martynenko, Andrei"]
[Result "1-0"]
[BlackTitle "FM"]
[WhiteElo "2211"]
[BlackElo "2357"]
[WhiteFideId "24120030"]
[BlackFideId "4167996"]
[EventDate "2011.08.12"]

1. d4 Nf6 2. Nf3 g6 3. Bf4 Bg7 4. e3 d6 5. Be2 O-O 6. O-O c5 7. c3 b6 8. h3 Bb7
9. Bh2 Nc6 10. Nbd2 Qc7 11. Rc1 Rac8 12. b4 cxb4 13. cxb4 Qb8 14. Qb3 Rc7 15.
Rc2 Rfc8 16. Rfc1 Nd8 17. Bc4 b5 18. Bd3 a6 19. e4 Rxc2 20. Rxc2 Rxc2 21. Bxc2
Nd7 22. Bf4 Qc7 23. d5 Nb6 24. Be3 e6 25. Qd3 exd5 26. Bxb6 Qxb6 27. exd5 Qc7
28. Bb3 Qe7 29. Qe4 Kf8 30. Qf4 f5 31. Nf1 Nf7 32. Nd4 Bh6 33. Qg3 Qe5 34. Ne6+
Kg8 35. f4 Qf6 36. Qf2 Nd8 37. Qb6 Nxe6 38. dxe6 Qe7 39. Qxb7 Qxb7 40. e7+ Kg7
41. e8=Q Bxf4 42. Qg8+ Kf6 43. Qh8+ Kg5 44. Qd8+ 1-0

[Event "Botvinnik 100th Open"]
[Site "St Petersburg RUS"]
[Date "2011.08.17"]
[Round "6"]
[White "Duzhakov, Ilya"]
[Black "Eryshkanova, Anastasiya"]
[Result "1/2-1/2"]
[WhiteTitle "FM"]
[BlackTitle "WFM"]
[WhiteElo "2338"]
[BlackElo "2122"]
[WhiteFideId "4192516"]
[BlackFideId "24119059"]
[EventDate "2011.08.12"]

1. d4 d5 2. c4 e6 3. Nf3 Nf6 4. g3 dxc4 5. Bg2 Nc6 6. Qa4 Bb4+ 7. Bd2 Nd5 8. Qb5
Bxd2+ 9. Nbxd2 c3 10. bxc3 Nxc3 11. Qd3 Nd5 12. O-O O-O 13. e4 Nb6 14. Qe3 Qe7
15. Rfc1 Rd8 16. Nb3 Bd7 17. Ne1 Be8 18. Rd1 a5 19. Rac1 Nb4 20. Qe2 Ba4 21. Rc3
c6 22. a3 Na6 23. Qa2 Nc7 24. Nc2 Nb5 25. Rcd3 Nc4 26. Ra1 Ne5 27. Rd2 Nc4 28.
Rd3 Ne5 29. Rd2 Nc4 30. Rd3 Ne5 1/2-1/2

[Event "Botvinnik 100th Open"]
[Site "St Petersburg RUS"]
[Date "2011.08.17"]
[Round "6"]
[White "Nikitinyh, Boris"]
[Black "Serov, Maksim"]
[Result "0-1"]
[WhiteElo "2234"]
[BlackElo "2364"]
[WhiteFideId "4198328"]
[BlackFideId "4181905"]
[EventDate "2011.08.12"]

1. e4 c5 2. Nf3 e6 3. Be2 a6 4. c4 Nc6 5. O-O Nge7 6. Nc3 Nd4 7. Nxd4 cxd4 8.
Na4 b5 9. cxb5 axb5 10. Nc5 Qb6 11. Nb3 g6 12. d3 Bg7 13. Bd2 d6 14. Qc2 Bb7 15.
Rfc1 Kd7 16. a3 f5 17. f3 fxe4 18. fxe4 Bxe4 19. Qd1 Bd5 20. Bf3 Qb7 21. Na5
Bxf3 22. Nxb7 Bxd1 23. Rxd1 Nc6 24. b4 Rhf8 25. h3 Ne5 26. Be1 Bh6 27. Bg3 Be3+
28. Kh2 Bf4 29. Na5 Rac8 30. Nb3 Nc6 31. a4 Rb8 32. axb5 Rxb5 33. Na5 Bxg3+ 34.
Kxg3 Nxb4 35. Nc4 Nc6 36. h4 Rb3 37. Na5 Nxa5 38. Rxa5 Rc8 39. Ra7+ Rc7 40.
Rxc7+ Kxc7 41. Kf4 e5+ 42. Kg5 Kc6 43. Kf6 Kd5 44. g4 e4 45. dxe4+ Kxe4 46. h5
gxh5 0-1

[Event "Botvinnik 100th Open"]
[Site "St Petersburg RUS"]
[Date "2011.08.17"]
[Round "6"]
[White "Kharmunova, Nadejda"]
[Black "Alekseenko, Kirill"]
[Result "0-1"]
[WhiteTitle "WFM"]
[BlackTitle "FM"]
[WhiteElo "2181"]
[BlackElo "2339"]
[WhiteFideId "4195876"]
[BlackFideId "4135539"]
[EventDate "2011.08.12"]

1. e4 c5 2. Nf3 d6 3. d4 cxd4 4. Nxd4 Nf6 5. Nc3 Nc6 6. g3 g6 7. Bg2 Nxd4 8.
Qxd4 Bg7 9. Be3 O-O 10. Qd2 Be6 11. Bh6 Bxh6 12. Qxh6 Qb6 13. Qc1 Qa6 14. a4
Rac8 15. Qe3 Ng4 16. Qe2 Qb6 17. Nd1 Ne5 18. b3 Bg4 19. f3 Qa5+ 20. Kf2 f5 21.
fxg4 fxg4+ 22. Kg1 Rxc2 23. Qe3 Nf3+ 24. Bxf3 Rxf3 0-1

[Event "Botvinnik 100th Open"]
[Site "St Petersburg RUS"]
[Date "2011.08.17"]
[Round "6"]
[White "Popov, Valerij"]
[Black "Ivanov, Timur"]
[Result "1-0"]
[WhiteTitle "GM"]
[BlackTitle "IM"]
[WhiteElo "2550"]
[BlackElo "2325"]
[WhiteFideId "4119410"]
[BlackFideId "4115350"]
[EventDate "2011.08.12"]

1. c4 f5 2. g3 Nf6 3. Nf3 d6 4. d4 g6 5. Bg2 Bg7 6. O-O O-O 7. Nc3 Qe8 8. d5 a5
9. Ne1 Na6 10. Nd3 Bd7 11. Bd2 c6 12. Qb3 Rb8 13. c5 Kh8 14. cxd6 exd6 15. Qa3
Ne4 16. Rad1 b6 17. Nxe4 fxe4 18. dxc6 Bxc6 19. Nf4 Nc5 20. Bc3 Qe7 21. Rd2 g5
22. Bxg7+ Kxg7 23. Qc3+ Kg8 24. Nd5 Bxd5 25. Rxd5 h6 26. a3 a4 27. Qc4 Kh7 28.
Qb4 Rf6 29. Rd4 Re6 30. Rfd1 Kg7 31. Qc3 Kf7 32. Qe3 Re8 33. Rb4 Rb8 34. Rdd4
Kg8 35. Bxe4 Kh8 36. Qc3 Qg7 37. Bf3 Nb3 38. Rdc4 Qxc3 39. Rxc3 Nc5 40. Rc2 Kg7
41. Bc6 Rf6 42. Bxa4 Rbf8 43. f3 d5 44. Rd2 Nxa4 45. Rxa4 Re8 1-0

[Event "Botvinnik 100th Open"]
[Site "St Petersburg RUS"]
[Date "2011.08.17"]
[Round "6"]
[White "Korchmar, Vasiliy"]
[Black "Yaksin, Oleg"]
[Result "1/2-1/2"]
[WhiteElo "2262"]
[BlackElo "2414"]
[WhiteFideId "24131750"]
[BlackFideId "24105880"]
[EventDate "2011.08.12"]

1. e4 e5 2. Nf3 Nf6 3. Nxe5 d6 4. Nf3 Nxe4 5. Nc3 Nxc3 6. dxc3 Be7 7. Be3 Nd7 8.
Qd2 O-O 9. O-O-O Ne5 10. h4 c6 11. c4 a6 12. Ng5 b5 13. c5 d5 14. Bd4 f6 15. Nf3
Bg4 16. Qf4 Qd7 17. Be2 Ng6 18. Qd2 Qf5 19. Bd3 Qh5 20. Rde1 Bxf3 21. gxf3 Rfe8
22. Re6 Ne5 23. Bxe5 fxe5 24. Rg1 Qxf3 25. Bxh7+ Kxh7 26. Rxg7+ Kxg7 27. Qh6+
Kf7 28. Qg6+ Kf8 29. Qh6+ Kf7 30. Qg6+ Kf8 31. Qh6+ Kf7 32. Qg6+ Kf8 1/2-1/2

[Event "Botvinnik 100th Open"]
[Site "St Petersburg RUS"]
[Date "2011.08.17"]
[Round "6"]
[White "Mokshanov, Alexey"]
[Black "Vunder, Yakov"]
[Result "1/2-1/2"]
[WhiteTitle "FM"]
[WhiteElo "2372"]
[BlackElo "2212"]
[WhiteFideId "24121657"]
[BlackFideId "4161955"]
[EventDate "2011.08.12"]

1. e4 c5 2. Nf3 g6 3. d3 Bg7 4. g3 Nc6 5. Bg2 e6 6. O-O Nge7 7. c3 O-O 8. Be3 b6
9. Qc1 Re8 10. Bh6 Bh8 11. Nbd2 Ba6 12. Qc2 d6 13. Rad1 Qd7 14. h3 Rac8 15. Rfe1
b5 16. Nh4 b4 17. f4 f5 18. exf5 Nxf5 19. Nxf5 gxf5 20. Nf3 Qf7 21. Qa4 Bb7 22.
cxb4 Qh5 23. bxc5 Qxh6 24. cxd6 Qg7 25. Ng5 Qd4+ 26. Qxd4 Bxd4+ 27. Kh2 Rcd8 28.
Nxe6 Rxd6 29. Nxd4 Rxe1 30. Rxe1 Rxd4 31. Rc1 Nd8 32. Bxb7 Nxb7 33. Rc8+ Nd8 34.
Rc3 Ne6 35. Kg2 h5 36. h4 Kf7 37. Kf3 a5 38. Ke3 Rd8 39. Rb3 Rg8 40. Kf2 Rc8 41.
Ke3 Rg8 42. Kf2 Rc8 43. Ke3 Rg8 1/2-1/2

[Event "Botvinnik 100th Open"]
[Site "St Petersburg RUS"]
[Date "2011.08.17"]
[Round "6"]
[White "Dzhumagaliev, Yan"]
[Black "Semenova, Irina"]
[Result "0-1"]
[WhiteTitle "FM"]
[BlackTitle "WGM"]
[WhiteElo "2375"]
[BlackElo "2241"]
[WhiteFideId "24100110"]
[BlackFideId "4118367"]
[EventDate "2011.08.12"]

1. d4 Nf6 2. c4 g6 3. Nc3 Bg7 4. e4 d6 5. Nf3 O-O 6. Be2 e5 7. O-O Nc6 8. d5 Ne7
9. Ne1 Ne8 10. Be3 f5 11. f3 f4 12. Bf2 h5 13. c5 g5 14. cxd6 cxd6 15. a4 Nf6
16. a5 g4 17. Nb5 g3 18. Bxa7 Ng6 19. Bb6 Qe7 20. Nc7 Nd7 21. Ne6 Nxb6 22. axb6
Bxe6 23. dxe6 Rxa1 24. Qxa1 Qxe6 25. Qa7 Qb3 26. Nd3 Bf6 27. Qxb7 Bd8 28. Kh1
Qxb6 29. Qd5+ Kg7 30. Bd1 Ne7 31. Qc4 Nc6 32. Bc2 Nd4 33. Bb1 Qb5 34. Qc3 Bb6
35. b4 gxh2 36. Qe1 Kh6 37. Kxh2 Rg8 38. Qd2 Rg5 39. Ba2 Qe8 40. Nf2 Qe7 41. Nh3
Rg3 42. Bc4 Qh4 43. Kh1 Rg7 44. Rc1 Kh7 45. Bf1 Nxf3 46. gxf3 Rg1+ 0-1

[Event "Botvinnik 100th Open"]
[Site "St Petersburg RUS"]
[Date "2011.08.17"]
[Round "6"]
[White "Bulanov, Dmitri"]
[Black "Usmanov, Vasily"]
[Result "1-0"]
[WhiteTitle "FM"]
[WhiteElo "2379"]
[BlackElo "2260"]
[WhiteFideId "13506382"]
[BlackFideId "4135741"]
[EventDate "2011.08.12"]

1. e4 c5 2. Nf3 d6 3. d4 cxd4 4. Nxd4 Nf6 5. Nc3 Nc6 6. Bg5 Bd7 7. Qd2 Rc8 8.
O-O-O Nxd4 9. Qxd4 Qa5 10. Bd2 a6 11. f3 g6 12. Kb1 Bg7 13. Nd5 Qc5 14. Qxc5
Rxc5 15. Bb4 Rc6 16. Bc3 e5 17. Nb4 Rb6 18. b3 Ke7 19. Nd5+ Nxd5 20. exd5 Bb5
21. a4 Bxf1 22. Rhxf1 a5 23. Bxa5 Ra6 24. Bd2 f5 25. c4 Kd7 26. Kc2 Bf6 27. a5
b6 28. axb6 Ra2+ 29. Kd3 Rb8 30. Be3 Rxg2 31. b4 e4+ 32. fxe4 Ra8 33. exf5 Ra3+
34. Ke4 g5 35. h3 Rc2 36. c5 Rc4+ 37. Kf3 g4+ 38. hxg4 Bg5 39. c6+ Kc8 40. Rfe1 1-0

[Event "Botvinnik 100th Open"]
[Site "St Petersburg RUS"]
[Date "2011.08.17"]
[Round "6"]
[White "Ponfilenok, Vladimir"]
[Black "Solovyov, Viktor"]
[Result "1-0"]
[WhiteElo "2413"]
[BlackElo "2264"]
[WhiteFideId "24113522"]
[BlackFideId "4102754"]
[EventDate "2011.08.12"]

1. d4 d5 2. Nf3 Nf6 3. c4 dxc4 4. e3 e6 5. Bxc4 c5 6. O-O a6 7. a4 Nc6 8. Qe2
Be7 9. Rd1 Qc7 10. dxc5 O-O 11. b3 e5 12. h3 e4 13. Nh2 Bxc5 14. Bb2 Bd6 15. Nf1
Be5 16. Nc3 Bf5 17. Nd5 Nxd5 18. Bxd5 Nb4 19. Rac1 Qe7 20. Ba3 Rac8 21. Ng3 Bxg3
22. fxg3 Rxc1 23. Rxc1 a5 24. g4 Be6 25. Bxe6 Qxe6 26. Qc4 Qb6 27. Qc5 Qxc5 28.
Rxc5 Nc6 29. Rb5 Rb8 30. Bd6 Rd8 31. Bc7 Rd7 32. Bxa5 f6 33. Bc3 Kf7 34. Kf2 Ke6
35. Ke2 g6 36. b4 Rd3 37. Be1 Rd7 38. Rb6 Kd5 39. b5 Ne5 40. Rxf6 Rc7 41. Bg3
Rc2+ 42. Kd1 Rc3 43. Bxe5 Kxe5 44. Rb6 Rxe3 45. Rxb7 Ra3 46. Rxh7 Rxa4 47. b6
Rb4 48. b7 Kd4 49. h4 Ke3 50. h5 gxh5 51. gxh5 Rd4+ 52. Kc2 Rb4 53. Rf7 1-0

[Event "Botvinnik 100th Open"]
[Site "St Petersburg RUS"]
[Date "2011.08.17"]
[Round "6"]
[White "Tunik, Gennady"]
[Black "Turikov, Viktor"]
[Result "1-0"]
[WhiteTitle "GM"]
[BlackTitle "FM"]
[WhiteElo "2440"]
[BlackElo "2291"]
[WhiteFideId "4101219"]
[BlackFideId "4107810"]
[EventDate "2011.08.12"]

1. d4 b6 2. e4 Bb7 3. Bd3 Nc6 4. c3 e5 5. d5 Nce7 6. Nf3 Ng6 7. h4 h5 8. Nbd2
Nf6 9. g3 Ng4 10. Ng5 Bc5 11. Rf1 a5 12. Nb3 Bd6 13. f3 Nf6 14. Be3 Qe7 15. Qe2
a4 16. Nd2 Bc5 17. O-O-O Bxe3 18. Qxe3 Qc5 19. Qxc5 bxc5 20. Nc4 d6 21. Ne3 Bc8
22. b3 axb3 23. axb3 O-O 24. Kb2 Bd7 25. Ra1 Ne7 26. c4 Rfb8 27. Bc2 Ng6 28. Nf5
Bxf5 29. exf5 Nf8 30. Rg1 N8d7 31. Rxa8 Rxa8 32. g4 hxg4 33. fxg4 Kf8 34. Nh3
Ke7 35. Nf2 Rh8 36. Rh1 Nf8 37. Bd1 N8d7 38. g5 Nh5 39. Bxh5 Rxh5 40. Ne4 Rh8
41. h5 Nb6 42. h6 gxh6 43. f6+ Kf8 44. gxh6 Ke8 45. Kc3 Nd7 46. b4 cxb4+ 47.
Kxb4 Kd8 48. Ng5 Ke8 49. Ra1 Nb6 50. h7 Kd7 51. Rh1 Ke8 52. Kb5 Nd7 53. Ra1 Nb8
54. Rf1 Kd7 55. Nxf7 Rxh7 56. Nxe5+ dxe5 57. f7 1-0

[Event "Botvinnik 100th Open"]
[Site "St Petersburg RUS"]
[Date "2011.08.17"]
[Round "6"]
[White "Tsydypov, Zhamsaran"]
[Black "Ulanov, Alexandr"]
[Result "1-0"]
[BlackTitle "IM"]
[WhiteElo "2247"]
[BlackElo "2371"]
[WhiteFideId "4108566"]
[BlackFideId "24107646"]
[EventDate "2011.08.12"]

1. e4 g6 2. d4 Bg7 3. Nc3 d6 4. Be3 c6 5. Qd2 Nd7 6. Bd3 b5 7. Nf3 Nb6 8. b3 Bg4
9. a4 Bxf3 10. gxf3 a6 11. axb5 axb5 12. O-O Rb8 13. Na2 Qd7 14. Nb4 e6 15. Ra6
d5 16. Bf4 Rb7 17. Qc3 Ne7 18. exd5 cxd5 19. Qc5 Nbc8 20. Nc6 Nxc6 21. Rxc6 Kd8
22. Ra1 Bf8 23. Bg5+ Be7 24. Ra8 Rc7 25. Rxc7 Qxc7 26. Bxe7+ 1-0

[Event "Botvinnik 100th Open"]
[Site "St Petersburg RUS"]
[Date "2011.08.17"]
[Round "6"]
[White "Aseev, Vladimir"]
[Black "Musalov, Ruslan"]
[Result "0-1"]
[WhiteElo "2116"]
[BlackElo "2399"]
[WhiteFideId "24121371"]
[BlackFideId "4141490"]
[EventDate "2011.08.12"]

1. d4 d5 2. c4 e6 3. Nc3 c5 4. cxd5 exd5 5. Nf3 Nc6 6. g3 Nf6 7. Bg2 Be7 8. O-O
O-O 9. e3 Bg4 10. dxc5 Bxc5 11. h3 Bf5 12. a3 a5 13. Nd4 Bxd4 14. exd4 Qb6 15.
g4 Be4 16. g5 Bxg2 17. Kxg2 Ne4 18. Nxd5 Qd8 19. Nc3 f5 20. f3 Nxc3 21. bxc3 f4
22. Qb3+ Kh8 23. h4 Ne7 24. Bd2 Nf5 25. Rh1 Qe8 26. Rae1 Qh5 27. Rh3 Nxh4+ 28.
Kf2 Qxg5 29. Rg1 Qf6 30. Rg4 Ng6 31. Qb1 Kg8 32. Qh1 Rfe8 33. Rxh7 Qe6 34. Bxf4
Nxf4 35. Rxf4 Qe3+ 0-1

[Event "Botvinnik 100th Open"]
[Site "St Petersburg RUS"]
[Date "2011.08.17"]
[Round "6"]
[White "Butuc, Maria"]
[Black "Alexikov, Alexander"]
[Result "0-1"]
[WhiteTitle "WIM"]
[BlackTitle "IM"]
[WhiteElo "2172"]
[BlackElo "2353"]
[WhiteFideId "13902911"]
[BlackFideId "14103958"]
[EventDate "2011.08.12"]

1. Nf3 g6 2. e4 Bg7 3. d4 d6 4. c3 Nf6 5. Bd3 O-O 6. O-O Nc6 7. h3 e5 8. Re1 Nh5
9. Bf1 Bd7 10. Bg5 f6 11. Be3 Nf4 12. Kh2 Qc8 13. h4 Kh8 14. Qc1 Nh5 15. Na3 f5
16. exf5 e4 17. Ng5 gxf5 18. Nh3 Ne7 19. Bh6 Qe8 20. Bxg7+ Nxg7 21. Qh6 Ng8 22.
Qd2 Nh5 23. Nf4 Ne7 24. c4 Nxf4 25. Qxf4 Ng6 26. Qh6 Qe7 27. Qg5 Qxg5 28. hxg5
c6 29. Nc2 Kg7 30. f3 Rae8 31. b4 h6 32. gxh6+ Kxh6 33. d5 cxd5 34. Rad1 Ba4 35.
Rd2 Bxc2 36. Rxc2 d4 37. c5 d3 38. Rd2 dxc5 39. bxc5 Kg5 40. Rb2 Re7 41. Kg1 Rd8
42. Rd2 Rd5 43. Rc1 Ne5 44. fxe4 fxe4 45. Rb2 e3 0-1

[Event "Botvinnik 100th Open"]
[Site "St Petersburg RUS"]
[Date "2011.08.17"]
[Round "6"]
[White "Martynov, Pavel2"]
[Black "Kostyuchenko, Vladimir"]
[Result "1-0"]
[WhiteElo "2237"]
[BlackElo "2144"]
[WhiteFideId "4122186"]
[BlackFideId "4126084"]
[EventDate "2011.08.12"]

1. d4 d5 2. c4 dxc4 3. Nf3 Nf6 4. e3 e6 5. Bxc4 c5 6. O-O a6 7. dxc5 Qxd1 8.
Rxd1 Bxc5 9. Nfd2 O-O 10. Nb3 Be7 11. Nc3 Nc6 12. Be2 Bd7 13. e4 b5 14. Be3 Rfc8
15. f4 Be8 16. e5 Nd7 17. Bf3 Rab8 18. Rac1 Nb6 19. Bxb6 Rxb6 20. Ne4 Na7 21.
Rxc8 Nxc8 22. Rc1 Rb8 23. Nbc5 Nb6 24. Nxa6 Rc8 25. Rxc8 Nxc8 26. b4 Na7 27. a3
Bc6 28. Kf2 Bd5 29. Nc3 Bc4 30. Be2 g5 31. g3 gxf4 32. gxf4 Bh4+ 33. Ke3 Be1 34.
Ne4 Bxe2 35. Kxe2 Bh4 36. Nc3 Bd8 37. Nc5 Kg7 38. Kd3 Kg6 39. Ke4 Kh5 40. Nb7
Be7 41. Nd6 f5+ 42. Kf3 Nc6 43. Ncxb5 Kh4 44. Ne8 Kh3 45. Ng7 Kxh2 46. Nxe6 1-0

[Event "Botvinnik 100th Open"]
[Site "St Petersburg RUS"]
[Date "2011.08.17"]
[Round "6"]
[White "Fedoseev, Vladimir3"]
[Black "Pen, Pyotr"]
[Result "1-0"]
[WhiteTitle "GM"]
[WhiteElo "2520"]
[BlackElo "2175"]
[WhiteFideId "24130737"]
[BlackFideId "24129950"]
[EventDate "2011.08.12"]

1. d4 d5 2. Nf3 Nf6 3. c4 c6 4. Qb3 dxc4 5. Qxc4 Bf5 6. g3 h6 7. Bg2 e6 8. O-O
Be7 9. e3 O-O 10. Qe2 Nbd7 11. Nc3 Bh7 12. e4 Bb4 13. Ne1 Qe7 14. f4 c5 15. e5
Ne8 16. d5 Bxc3 17. bxc3 exd5 18. Bxd5 Nb6 19. Bg2 Rd8 20. Ba3 Nf6 21. Qb5 Nfd7
22. Rd1 a6 23. Qb3 Rb8 24. Nd3 Rfc8 25. f5 Qg5 26. Bc1 Qe7 27. e6 c4 28. Qb4
Qxb4 29. Nxb4 fxe6 30. fxe6 Nc5 31. Bf4 Ra8 32. Rd6 Nba4 33. Nd5 Rd8 34. Rxd8+
Rxd8 35. e7 Re8 36. Bd6 Nd7 37. Bh3 1-0

[Event "Botvinnik 100th Open"]
[Site "St Petersburg RUS"]
[Date "2011.08.17"]
[Round "6"]
[White "Donskov, Anatoly"]
[Black "Elkin, Leonid"]
[Result "1-0"]
[WhiteElo "2267"]
[BlackElo "2159"]
[WhiteFideId "24143413"]
[BlackFideId "13501240"]
[EventDate "2011.08.12"]

1. e4 c5 2. Nf3 d6 3. d4 cxd4 4. Nxd4 Nf6 5. Nc3 g6 6. Be3 Bg7 7. f3 O-O 8. Qd2
Nc6 9. Bc4 Bd7 10. O-O-O Rc8 11. Bb3 Ne5 12. Kb1 Re8 13. h4 h5 14. g4 hxg4 15.
h5 Nxh5 16. Rdg1 Rxc3 17. bxc3 a5 18. Bh6 a4 19. Rxh5 axb3 20. Bxg7 gxh5 21.
Bxe5 bxa2+ 22. Ka1 dxe5 23. Qg5+ Kf8 24. Qxh5 e6 25. Qh8+ Ke7 26. Qxe5 Rg8 27.
fxg4 Qb6 28. Rf1 Rxg4 29. Nf5+ Kf8 30. Qf6 Rg1 31. Qh6+ 1-0

[Event "Botvinnik 100th Open"]
[Site "St Petersburg RUS"]
[Date "2011.08.17"]
[Round "6"]
[White "Balaian, Alina"]
[Black "Demianjuk, Alexander"]
[Result "0-1"]
[WhiteElo "2163"]
[BlackElo "2317"]
[WhiteFideId "24115347"]
[BlackFideId "4134249"]
[EventDate "2011.08.12"]

1. e4 c5 2. Nf3 e6 3. b3 Nc6 4. Bb2 d6 5. d4 cxd4 6. Nxd4 Nf6 7. Nxc6 bxc6 8. e5
Ne4 9. exd6 Qa5+ 10. c3 Nxd6 11. Be2 Be7 12. O-O O-O 13. Bf3 Rb8 14. Bxc6 Ba6
15. Re1 Nc4 16. Bc1 Rfd8 17. Qc2 Ne5 18. Be4 f5 19. Bxf5 exf5 20. Qxf5 Bf6 21.
Be3 Bc8 22. Qc2 Nd3 0-1

[Event "Botvinnik 100th Open"]
[Site "St Petersburg RUS"]
[Date "2011.08.17"]
[Round "6"]
[White "Menkov, Aleksandr"]
[Black "Zimin, Alexey"]
[Result "0-1"]
[WhiteElo "2143"]
[BlackElo "2235"]
[WhiteFideId "24160326"]
[BlackFideId "4168925"]
[EventDate "2011.08.12"]

1. e4 c5 2. Nf3 e6 3. d4 cxd4 4. Nxd4 Nf6 5. Nc3 Nc6 6. Ndb5 Bb4 7. a3 Bxc3+ 8.
Nxc3 d5 9. exd5 exd5 10. Bd3 O-O 11. O-O d4 12. Ne2 Bg4 13. Bg5 Re8 14. f3 Bh5
15. Qd2 Bg6 16. Rad1 Bxd3 17. Qxd3 Qb6 18. Bxf6 gxf6 19. Nxd4 Rad8 20. c3 Qxb2
21. Qc4 Nxd4 22. Rxd4 Rxd4 23. Qxd4 Qxa3 24. Qxf6 Qc5+ 25. Qd4 Qxd4+ 26. cxd4
Rd8 27. Rb1 b6 28. Rb4 Rd5 29. Kf2 Kf8 30. Ke3 Ke7 31. Ke4 Kd6 32. g4 b5 33. f4
a5 34. Rb3 b4 35. Kd3 Rb5 36. Kc4 a4 37. Rb1 Rb8 38. g5 b3 39. Kc3 Kd5 40. Kb2
Kxd4 41. Ra1 Ra8 42. Ka3 Ke4 43. Re1+ Kxf4 44. Re7 Rb8 45. Rxf7+ Kxg5 46. h4+
Kg6 47. Rf1 b2 48. Rb1 Kh5 49. Kxa4 Kxh4 50. Ka3 h5 51. Ka2 Kg3 0-1

[Event "Botvinnik 100th Open"]
[Site "St Petersburg RUS"]
[Date "2011.08.17"]
[Round "6"]
[White "Lupik, Marina"]
[Black "Korniyuk, Mariya"]
[Result "1-0"]
[WhiteTitle "WIM"]
[BlackTitle "WFM"]
[WhiteElo "2212"]
[BlackElo "2104"]
[WhiteFideId "4177495"]
[BlackFideId "14118874"]
[EventDate "2011.08.12"]

1. e4 e5 2. Nf3 Nc6 3. Bc4 Nf6 4. Ng5 d5 5. exd5 Na5 6. Bb5+ c6 7. dxc6 bxc6 8.
Qf3 Be7 9. Bxc6+ Nxc6 10. Qxc6+ Bd7 11. Qf3 O-O 12. d3 Rc8 13. O-O Ng4 14. Ne4
f5 15. Nec3 Bc6 16. Qe2 Bd6 17. h3 Nf6 18. Nd2 Bb8 19. Nc4 Qc7 20. f4 e4 21. Ne5
Bb7 22. Be3 Rfd8 23. d4 Qd6 24. Qb5 Bd5 25. Nxd5 Qxd5 26. Qe2 a5 27. c4 Qb7 28.
d5 Bd6 29. Nc6 Rxc6 30. dxc6 Qxc6 31. Rfd1 Rc8 32. Rac1 a4 33. c5 Be7 34. Qc4+
Kf8 35. b4 axb3 36. axb3 1-0

[Event "Botvinnik 100th Open"]
[Site "St Petersburg RUS"]
[Date "2011.08.17"]
[Round "6"]
[White "Senkevich, Konstantin"]
[Black "Monin, Nikolay"]
[Result "1/2-1/2"]
[BlackTitle "IM"]
[WhiteElo "2020"]
[BlackElo "2403"]
[WhiteFideId "4192389"]
[BlackFideId "4104013"]
[EventDate "2011.08.12"]

1. e4 e6 2. Qe2 Nc6 3. c3 d5 4. exd5 Qxd5 5. Nf3 Bd6 6. d4 Nf6 7. g3 O-O 8. Bg2
e5 9. c4 Qa5+ 10. Bd2 Qb6 11. c5 Qxb2 12. O-O Be7 13. Nxe5 Nxd4 14. Qd3 Bf5 15.
Qe3 Bxc5 16. Nc4 Qc2 17. Nba3 Qd3 18. Rfe1 c6 19. Bc3 Rfe8 20. Qxd3 Bxd3 21.
Rxe8+ Rxe8 22. Bxd4 Bxd4 23. Rd1 Bxc4 24. Nxc4 Bc5 25. Bf3 h5 26. h3 Ne4 27. Kg2
Nxf2 28. Rd7 Ne4 29. Rxb7 Ng5 30. Bxh5 Re1 31. Rb8+ Kh7 32. h4 g6 33. Bxg6+ Kxg6
34. Rg8+ Kf6 35. Rxg5 Bb6 36. Kf3 Rc1 37. Rg4 Rc3+ 38. Ke2 Bc7 39. Nd2 Ra3 40.
Rc4 Bxg3 41. Ne4+ Kg7 42. Nxg3 Rxg3 43. Rxc6 Rg6 44. Rc7 a5 45. Ra7 Re6+ 46. Kf3
Re5 47. Kf4 Rb5 48. Kg4 Kg6 49. Ra6+ f6 50. Ra8 Rb4+ 51. Kg3 a4 52. Rg8+ Kh7 53.
Ra8 Kg6 1/2-1/2

[Event "Botvinnik 100th Open"]
[Site "St Petersburg RUS"]
[Date "2011.08.17"]
[Round "6"]
[White "Opanasenko, Mikhail"]
[Black "Palchun, Grigory"]
[Result "0-1"]
[WhiteElo "2017"]
[BlackElo "2144"]
[WhiteFideId "24176834"]
[BlackFideId "24147338"]
[EventDate "2011.08.12"]

1. e4 c5 2. Nf3 d6 3. d4 cxd4 4. Qxd4 Nc6 5. Bb5 Bd7 6. Bxc6 Bxc6 7. Nc3 Nf6 8.
Bg5 Qa5 9. O-O-O h6 10. Bxf6 gxf6 11. Kb1 Rg8 12. Rhg1 Bg7 13. Qd3 Rc8 14. Nd4
f5 15. exf5 Bd7 16. Rge1 Kf8 17. g4 Be5 18. h3 Bc6 19. Qe3 Rh8 20. h4 Rc7 21. f4
Bg7 22. g5 hxg5 23. hxg5 Qc5 24. Nce2 Rh2 25. g6 Ba4 26. b3 Bd7 27. Ng3 Bc8 28.
c4 Bxd4 29. Qxd4 Bxf5+ 30. Nxf5 Qxf5+ 31. Qd3 Qxd3+ 32. Rxd3 fxg6 33. Rg1 Kf7
34. Rdg3 Rh6 35. Rg5 Rc5 36. R5g4 Rf5 37. a4 Rf6 38. R1g3 Rh1+ 39. Kb2 Rf1 40.
Rg5 R1xf4 41. Rb5 b6 0-1